| 000 | 00570nam a2200193Ia 4500 | ||
|---|---|---|---|
| 005 | 20250508150832.0 | ||
| 008 | 008 250505s9999 xx 000 0 eng d | ||
| 037 | _aBooks to be hide in OPAC | ||
| 040 |
_aFEDL _beng _cFEDL |
||
| 041 |
_aeng _2eng |
||
| 084 |
_a910.7, WOO/O _qFEDL |
||
| 100 |
_aWooldrige S W _9757777 |
||
| 245 | 0 | _aSpirit and purpose of geography | |
| 260 |
_aNew York, USA _bHutchinson's University Library _c1951 |
||
| 300 | _a176p. | ||
| 700 |
_a East Gordon W _9757778 |
||
| 942 |
_cHB _h910.7, WOO/O |
||
| 999 |
_c1325967 _d1325967 |
||